El marqués de la Ensenada (Record no. 171880)

MARC details
000 -LEADER
campo de control de longitud fija 00734nam a22001815i 4500
001 - NÚMERO DE CONTROL
campo de control 171880
003 - IDENTIFICADOR DE NÚMERO DE CONTROL
campo de control ES-MaACL
005 - FECHA Y HORA DE LA ÚLTIMA TRANSACCIÓN
campo de control 20230906214744.0
008 - DATOS DE LONGITUD FIJA--INFORMACIÓN GENERAL
campo de control de longitud fija 090605s1898 sp |||| | spa d
100 1# - ENTRADA PRINCIPAL--NOMBRE DE PERSONA
Nombre de persona Aranda y Pery, Joaquín María (
Fechas asociadas al nombre 1832-1901)
9 (RLIN) 22294
245 13 - MENCIÓN DEL TÍTULO
Título El marqués de la Ensenada
Resto del título : estudios sobre su administración /
Mención de responsabilidad, etc. por Joaquín Mª Aranda.
260 ## - PUBLICACIÓN, DISTRIBUCIÓN, ETC.
Lugar de publicación, distribución, etc. Madrid :
Nombre del editor, distribuidor, etc. [s.n.],
Fecha de publicación, distribución, etc. 1898 (
Fabricante Imp. de los hijos de M. G. Hernández)
300 ## - DESCRIPCIÓN FÍSICA
Extensión 133 p. ;
Dimensiones 20 cm.
530 ## - NOTA DISPONIBLE DE FORMULARIO FÍSICO ADICIONAL
Nota de formato físico adicional disponible Disponible en formato digital.
600 14 - PUNTO DE ACCESO ADICIONAL DE MATERIA--NOMBRE DE PERSONA
Nombre de persona Ensenada, Zenón de Somodevilla y Bengoechea
Títulos y otros términos asociados al nombre Marqués de la.
9 (RLIN) 126942
852 ## - LOCALIZACIÓN
Ubicación ES-MaACL
Número de control de estantería F-1522
856 ## - LOCALIZACIÓN Y ACCESO ELECTRÓNICOS
Identificador Uniforme de Recursos <a href="http://bdh-rd.bne.es/viewer.vm?id=0000000969 ">http://bdh-rd.bne.es/viewer.vm?id=0000000969 </a>
Nota pública Biblioteca Digital Hispánica
Holdings
Estatus retirado Estado de pérdida Estado de daño No para préstamo Colección Biblioteca de origen Biblioteca actual Ubicación en estantería Fecha de adquisición Fuente de adquisición Total de préstamos Signatura topográfica completa Código de barras Visto por última vez Precio de reemplazo Tipo de ítem Koha
        Colección digital Biblioteca del Ateneo de Madrid Biblioteca del Ateneo de Madrid Depósito 2 05/06/2009     F-1522 1180382 23/02/2023 23/02/2023 Libro impreso antiguo